| 000 | 00590cam a22001697a 4500 | ||
|---|---|---|---|
| 008 | 180718b1983 xxu||||| |||| 00| 0 eng d | ||
| 082 | _aAPPPA 82-83 SIN | ||
| 100 | _aSingh, Chiranjiv | ||
| 245 |
_aEcological and environmental planning for a mining project in the Western Ghats of Karnataka: a case study of Kudremukh _cby Chiranjiv Singh |
||
| 260 |
_aNew Delhi _bIndian Institute of Public Administration _c1983 |
||
| 300 | _a66p. | ||
| 650 | _aKudremukh | ||
| 650 | _aWestern Ghats-Karnataka: | ||
| 650 | _aMining project | ||
| 650 | _aEnvironmental planning | ||
| 650 | _aEcological | ||
| 999 |
_c501275 _d501275 |
||